00908nam a22002177a 4500003000500000005001700005008004100022010001100063011001100074035001100085040000900096100005500105245021500160260004000375500006000415502008900475650002400564650002200588856006400610856001600674CHAP20220329143926.0310812s2012 mx r 00010 spa d a103818 a104790 a115480 cCHAP1 aCamacho Bernal, María Teresita del Niño Jesus.10aTurismo y desarrollo en zonas indígenas el Ptazi en la arena del centro ecoturístico Montes Azules Trópico Gallo Giro, Chiapas Méxicoh[En línea]c/por María Teresita del Niño Jesus Camacho Bernal aChapingo, Méx. :bEl autor,c2012 aPara ver el contenido del material haga clic en la liga aTesis (M.C. en Desarrollo Rural Regional) -- UACH. Dirección de Centros Regionales14aRecursos naturales.14aTurismozChiapas. 3Finding aiduhttp://10.13.5.2/tesis/115480.pdfzTeclea aqui a1 n0001164